Отрочество: повести; Вып. 1; Весенние перевертыши; Беглец; Чучело; Портрет; Безумная Евдокия; Где-то гремит война

Dades bibliogràfiques
Altres autors: Савельев А.
Sumari:В сборник входят повести В.Тендрякова "Весенние перевертыши", Н.Дубова "Беглец", В.Железникова "Чучело", Л.Нечаева "Портрет", А.Алексина "Безумная Евдокия", В.Астафьева "Где-то гремит война...". Это повести о сложном внутреннем мире подростка, о той поре, когда складываются жизненные убеждения, взгляды, гражданская позиция. Семья, взаимоотношения с товарищами, школьная жизнь, первое чувство - все эти проблемы своеобразно, интересно и остро затронуты в повестях.
Idioma:rus
Publicat: Москва, Детская литература, 1988
TOC:В. Ф. Тендряков, Весенние перевертыши;
Н. Дубов, Беглец;
В. Железников, Чучело;
Л. Нечаев, Портрет;
А. Алексин, Безумная Евдокия;
В. П. Астафьев, Где-то гремит война;
Matèries:
Format: MixedMaterials Llibre
KOHA link:https://koha.lib.tpu.ru/cgi-bin/koha/opac-detail.pl?biblionumber=113554

MARC

LEADER 00000nam0a2200000 4500
001 113554
005 20231101215132.0
010 |a 5080010487 
035 |a (RuTPU)RU\TPU\book\122815 
035 |a RU\TPU\book\122805 
090 |a 113554 
100 |a 20070412d1988 m y0rusy50 ca 
101 0 |a rus 
102 |a RU 
105 |a a z 000ay 
200 1 |a Отрочество  |e повести  |f А. Савельев  |h Вып. 1 
210 |a Москва  |c Детская литература  |d 1988 
215 |a 607 с.  |c ил. 
330 |a В сборник входят повести В.Тендрякова "Весенние перевертыши", Н.Дубова "Беглец", В.Железникова "Чучело", Л.Нечаева "Портрет", А.Алексина "Безумная Евдокия", В.Астафьева "Где-то гремит война...". Это повести о сложном внутреннем мире подростка, о той поре, когда складываются жизненные убеждения, взгляды, гражданская позиция. Семья, взаимоотношения с товарищами, школьная жизнь, первое чувство - все эти проблемы своеобразно, интересно и остро затронуты в повестях. 
464 |t Весенние перевертыши  |f В. Ф. Тендряков 
464 |t Беглец  |f Н. Дубов 
464 |t Чучело  |f В. Железников 
464 |t Портрет  |f Л. Нечаев 
464 |t Безумная Евдокия  |f А. Алексин 
464 |t Где-то гремит война  |f В. П. Астафьев 
606 1 |a Русская литература современная  |2 stltpush  |3 (RuTPU)RU\TPU\subj\26373  |9 50316 
610 1 |a советская литература 
610 1 |a повести 
610 1 |a сборники 
675 |a Р2  |v 3 
702 1 |a Савельев  |b А.  |4 130 
801 1 |a RU  |b 63413507  |c 20070412  |g PSBO 
801 2 |a RU  |b 63413507  |c 20220203  |g PSBO 
942 |c BK